00702nam a2200229Ia 4500003000900000008004100009040001300050040001300063041000800076100001500084245006800099250001100167260001500178260000900193300001100202300001000213490002000223490000700243942000700250999001700257952019800274IT-RoPAU120407s9999 xx 000 0 und d aIT-RoPAU cIT-RoPAU aita aBino Olivi aIl tentativo europeo. Storia politica della comunità€ europea aMilano aEtas Libri c1979 a309 p. c19 cm aUniversale Etas v17 cBK c32147d32147 00102ddc406940_37000000000000071aPAULUSbPAULUSd2012-04-11l0o940.37r2012-04-11 00:00:00w2012-04-11yBKzInserito da: Marisa In data: 04 ottobre 2011 fondo: Via A.Severo 56 Progr:14670